Housing policy : a cosultative document (Record no. 413994)

000 -LEADER
fixed length control field 00476cam a22001577a 4500
008 - FIXED-LENGTH DATA ELEMENTS--GENERAL INFORMATION
fixed length control field 180718b1977 xxu||||| |||| 00| 0 eng d
020 ## - INTERNATIONAL STANDARD BOOK NUMBER
International Standard Book Number 0 10 168510 6
082 ## - DEWEY DECIMAL CLASSIFICATION NUMBER
Classification number XAx42 Un3h
245 ## - TITLE STATEMENT
Title Housing policy : a cosultative document
Statement of responsibility, etc. by Her Majesty's
260 ## - PUBLICATION, DISTRIBUTION, ETC.
Place of publication, distribution, etc. London
Name of publisher, distributor, etc. Her Majesty's
Date of publication, distribution, etc. 1977
300 ## - PHYSICAL DESCRIPTION
Extent v,154p
650 ## - SUBJECT ADDED ENTRY--TOPICAL TERM
Topical term or geographic name entry element Housing policy --Canada --Bibliography.
650 ## - SUBJECT ADDED ENTRY--TOPICAL TERM
Topical term or geographic name entry element Housing policy --United States
650 ## - SUBJECT ADDED ENTRY--TOPICAL TERM
Topical term or geographic name entry element Housing policy
700 ## - ADDED ENTRY--PERSONAL NAME
Personal name U.K. Her Majesty's
Holdings
Withdrawn status Lost status Damaged status Not for loan Permanent Location Current Location Date acquired Full call number Barcode Date last seen Price effective from Koha item type
        Indian Institute of Public Administration Indian Institute of Public Administration 2009-02-20 XAx42 Un3h DA4960 2018-07-21 2018-07-21 DA

Powered by Koha